00619nam a2200157 a 450000100100000000500170001000800410002704000250006810000310009324500620012426000500018630000370023650000660027395201050033999900170044400003909620201002031508.0130521s2008 dr ac 000 0 spa d aDO-SdBNPbspacBNPHU1 aRosario, Lucila del96530910aNueva intervención psicológica /cLucila del Rosario. aRepública Dominicana :bServiproder,c2008. a171 p. :bils., retrs. ;c22 cm. aIncluye datos biográficos de la autora en la contracubierta 0010718PDaPDbPDcHDd2013-05-21iLF1l0o p39096-10r2020-06-25w2020-06-25yLFPDZNo se presta c38586d38586